Benedicción e inauguración del nuevo campo municipal de fútbol en el barrio de San Roque / por Estanis Vertí
Publicado:
San Jorge, núm. 79 - 80 (3r i 4rt trimestre 1970), pàg 102 :
MARC
| LEADER | 00000nam a2200000Ia 4500 | ||
|---|---|---|---|
| 001 | |||
| 008 | 160829s9999 xx 000 0 cat d | ||
| 100 | |a Vertí, Estanis |9 40364 | ||
| 245 | |a Benedicción e inauguración del nuevo campo municipal de fútbol en el barrio de San Roque / por Estanis Vertí | ||
| 260 | |a San Jorge, núm. 79 - 80 (3r i 4rt trimestre 1970), pàg 102 | ||
| 650 | |a Camps de futbol |x Sant Roc (Badalona : Barri) |9 40670 | ||
| 901 | |a Arxiu | ||
| 942 | |n 1 | ||
| 952 | |0 0 |1 0 |4 0 |7 1 |9 49845 |a Arxiu |b Arxiu |d 2016-12-01 |l 0 |r 2016-12-01 00:00:00 |w 2016-12-01 |y ARXIU | ||
| 999 | |c 53687 |d 53687 | ||